El primer antepasado del hombre /

Guardado en:
Autor Principal: Johanson, Donald
Otros Autores: Edey, Maitland A.
Formato: Libro
Publicado: Argentina : Planeta, 1982
Materias:
Etiquetas: Agregar Etiqueta
Sin Etiquetas, Sea el primero en etiquetar este registro!
LEADER 00683nam a22002295a 4500
001 CEM.cems003499
005 19000101000000.0
008 130507s1982##################000#0#####d
003 CEMS
082 0 4 |a 573.2 
100 1 |a Johanson, Donald 
245 1 0 |a El primer antepasado del hombre /  |c Donald Johanson 
260 |a Argentina :  |b Planeta,  |c 1982 
300 |a 346 p. 
505 0 |a Relacion entre el hombre y los monos antropoides. 
653 |a Antropologia 
653 |a Historia de la cultura 
653 |a Hombre fosil 
653 |a Hombre prehistorico 
653 |a Hombre-origen del 
700 1 |a Edey, Maitland A. 
859 |a CEMS  |b BIB. CEMS - 11 de abril  |h 573.2  |i J599  |p 14130.86  |t Ej.1